000 00175 a2200097 4500
041 _aeng
100 _aDavis, Nathan
245 _aFinishing well
942 _cBK
952 _71
999 _c18280
_d18280